[Event "NRW-ch U18 Girls"]
[Site "Kranenburg"]
[Date "2009.04.16"]
[Round "5"]
[White "Weber, Janina"]
[Black "Jansen, Nina"]
[Result "0-1"]
[WhiteElo "990"]
[BlackElo "1314"]
[PlyCount "50"]
[EventDate "2009.04.13"]
[EventType "swiss"]
[EventRounds "7"]
[EventCountry "GER"]
[SourceTitle "EXT 2010"]
[Source "ChessBase"]
[SourceDate "2010.11.25"]
[SourceVersion "1"]
[SourceVersionDate "2010.11.25"]
[SourceQuality "1"]

1. d4 d5 2. Nf3 Nf6 3. c4 dxc4 4. Nc3 e6 5. e3 Be7 6. Bxc4 0-0 7. 0-0 Nc6 8. Re1 a6 9. a4 b6 10. b3 Bb7 11. e4 Na5 12. Qd3 c5 13. dxc5 Qxd3 14. Bxd3 bxc5 15. Rb1 Rfd8 16. Bc2 Rab8 17. b4 cxb4 18. Na2 b3 19. Bxb3 Nxb3 20. Rxb3 Bxe4 21. Rxb8 Rxb8 22. Ng5 Bc6 23. Bf4 Rb7 24. a5 Nd5 25. Bd2 Rb2 0-1

[Event "NRW-ch U18 Girls"]
[Site "Kranenburg"]
[Date "2009.04.14"]
[Round "2"]
[White "Weber, Janina"]
[Black "Schoenfeld, Berenike"]
[Result "1-0"]
[WhiteElo "990"]
[BlackElo "1051"]
[PlyCount "37"]
[EventDate "2009.04.13"]
[EventType "swiss"]
[EventRounds "7"]
[EventCountry "GER"]
[SourceTitle "EXT 2010"]
[Source "ChessBase"]
[SourceDate "2010.11.25"]
[SourceVersion "1"]
[SourceVersionDate "2010.11.25"]
[SourceQuality "1"]

1. d4 d5 2. Nf3 Nc6 3. c4 Nf6 4. Nc3 e6 5. e3 Bb4 6. Qc2 Qe7 7. a3 Bxc3+ 8. Qxc3 Ne4 9. Qc2 b6 10. Bd3 Nf6 11. 0-0 Ba6 12. cxd5 Nb8 13. Bxa6 0-0 14. Bb7 Nbd7 15. Bxa8 Rxa8 16. dxe6 Qxe6 17. Qxc7 a5 18. Ne5 Nxe5 19. Qxe5 1-0

[Event "NRW-ch U16 Girls"]
[Site "Kranenburg"]
[Date "2008.03.28"]
[Round "6"]
[White "Weber, Janina"]
[Black "Aydogan, Uelger"]
[Result "1-0"]
[WhiteElo "802"]
[BlackElo "937"]
[PlyCount "93"]
[EventDate "2008.03.24"]
[EventType "swiss"]
[EventRounds "7"]
[EventCountry "GER"]
[SourceTitle "EXT 2009"]
[Source "ChessBase"]
[SourceDate "2008.11.26"]
[SourceVersion "1"]
[SourceVersionDate "2008.11.26"]
[SourceQuality "1"]

1. d4 d5 2. c4 e6 3. Nc3 Nf6 4. Nf3 Be7 5. e3 0-0 6. Bd3 g6 7. 0-0 c5 8. Re1 b6 9. b3 Bb7 10. Bb2 Bc6 11. e4 cxd4 12. Nxd4 e5 13. Nf3 d4 14. Nd5 Nbd7 15. Nxf6+ Bxf6 16. h3 Bg5 17. Bc1 Bxc1 18. Rxc1 Nc5 19. Nxe5 Qd6 20. Nxc6 Qxc6 21. b4 Qa4 22. bxc5 Qxd1 23. Rcxd1 bxc5 24. e5 Rae8 25. Re2 Re6 26. f4 Rfe8 27. Rde1 f6 28. exf6 Kf7 29. Rxe6 Rxe6 30. Rxe6 Kxe6 31. g4 Kxf6 32. f5 g5 33. Kg2 a5 34. Kg3 Ke5 35. h4 h6 36. a4 Kf6 37. hxg5+ hxg5 38. Kf2 Ke5 39. Kf3 Kf6 40. Ke4 Ke7 41. Ke5 Kf7 42. f6 Ke8 43. Bg6+ Kf8 44. Ke6 Kg8 45. Ke7 d3 46. Bxd3 Kh8 47. f7 1-0

[Event "NRW-ch U16 Girls"]
[Site "Kranenburg"]
[Date "2008.03.24"]
[Round "1"]
[White "Weber, Janina"]
[Black "Schuetten, Annalisa"]
[Result "0-1"]
[WhiteElo "802"]
[BlackElo "1225"]
[PlyCount "90"]
[EventDate "2008.03.24"]
[EventType "swiss"]
[EventRounds "7"]
[EventCountry "GER"]
[SourceTitle "EXT 2009"]
[Source "ChessBase"]
[SourceDate "2008.11.26"]
[SourceVersion "1"]
[SourceVersionDate "2008.11.26"]
[SourceQuality "1"]

1. d4 d5 2. c4 Nf6 3. Nc3 Bf5 4. Nf3 e6 5. e3 c6 6. Nh4 Be4 7. Be2 Bg6 8. Nxg6 hxg6 9. 0-0 Qd6 10. h3 b6 11. b3 g5 12. Bg4 Be7 13. Re1 Nbd7 14. e4 Nxg4 15. Qxg4 dxc4 16. Bxg5 Bxg5 17. Qxg5 Qxd4 18. Qe3 Qxe3 19. Rxe3 cxb3 20. axb3 0-0 21. Rd1 Nc5 22. b4 Na6 23. b5 Nb4 24. Rb1 Nc2 25. Rg3 Na3 26. Rb3 Nxb5 27. Nxb5 cxb5 28. Rxb5 Rfb8 29. Rgb3 Kf8 30. R5b4 Rb7 31. f4 Rab8 32. Ra3 a5 33. Rb5 Rc7 34. Kh2 Rc4 35. Re5 a4 36. f5 exf5 37. exf5 b5 38. Kg3 Rb4 39. Ree3 Re8 40. Red3 Ra8 41. Re3 Rc4 42. Rec3 Rxc3+ 43. Rxc3 a3 44. Rc1 a2 45. Ra1 b4 0-1